The Structural engineer. the journal of the Institution of Structural Engineers - R & D quarterly. Part B :

Bibliographic Details
New Title:Structural engineer. Part A
Structural engineer (London : 1988)
Previous Title:Structural engineer
Corporate Author: Institution of Structural Engineers (Great Britain)
Format: Journal
Language:English
Published: London : Institution of Structural Engineers, [1978-1987]
Subjects:
Online Availability: Check for online availability

MARC

Tag First Indicator Second Indicator Subfields
LEADER 00000cas a2200000 a 4500
001 in00000012180
005 20230622193503.2
008 780608d19781987enkqr p 0 a0eng c
010 |a sn 83010023  
016 7 |a 012095309  |2 Uk 
019 |a 3951159  |a 32556051  |a 871715506 
022 |a 0959-6585  |l 0959-6585  |2 z 
029 1 |a AU@  |b 000002647374 
029 1 |a NLNZL  |b 9914859153502836 
029 1 |a NZ1  |b 1485915 
029 1 |a NZ1  |b 3982782 
030 |a SEPBD3 
035 |a (OCoLC)ocm03959664 
035 |a (OCoLC)3959664  |z (OCoLC)3951159  |z (OCoLC)32556051  |z (OCoLC)871715506 
035 |a (OCoLC)ocm03959664 
040 |a SEA  |b eng  |c SEA  |d MUL  |d COO  |d OCL  |d NST  |d OCL  |d NST  |d AIP  |d NST  |d AIP  |d NST  |d OCL  |d NSD  |d NST  |d NSD  |d NST  |d ELM  |d NST  |d WAU  |d OCLCQ  |d U9S  |d OCLCQ  |d UKMGB  |d BUF  |d OCLCF  |d OCLCA  |d OCLCO  |d TFW  |d OCLCQ  |d OCLCO  |d PUL 
042 |a nsdp  |a pcc 
050 4 |a TA680  |b .I53 
082 1 0 |a 624  |2 11 
210 0 |a Struct. eng. Part B 
222 0 |a Structural engineer., Part B 
245 0 4 |a The Structural engineer.  |n Part B :  |b the journal of the Institution of Structural Engineers - R & D quarterly. 
246 3 0 |a Journal of the Institution of Structural Engineers - R & D quarterly 
264 1 |a London :  |b Institution of Structural Engineers,  |c [1978-1987] 
300 |a 10 volumes :  |b illustrations ;  |c 30 cm 
310 |a Quarterly 
336 |a text  |b txt  |2 rdacontent 
337 |a unmediated  |b n  |2 rdamedia 
338 |a volume  |b nc  |2 rdacarrier 
362 0 |a Vol. 56B, no. 1 (Mar. 1978)-v. 65B, no. 4 (Dec. 1987). 
500 |a Title varies slightly. 
500 |a Title from contents. 
530 |a Also issued online. 
580 |a Continues in part and continues the numbering of: Structural engineer. 
580 |a Merged with: Structural engineer. Part A, to form: Structural engineer (London : 1988). 
650 0 |a Concrete construction  |v Periodicals. 
650 0 |a Structural engineering  |v Periodicals. 
650 0 |a Structural engineering. 
650 7 |a Concrete construction.  |2 fast  |0 (OCoLC)fst00874261 
650 7 |a Structural engineering.  |2 fast  |0 (OCoLC)fst01135658 
655 7 |a Periodicals.  |2 fast  |0 (OCoLC)fst01411641 
655 7 |a Periodicals.  |2 lcgft  |0 http://id.loc.gov/authorities/genreForms/gf2014026139  |0 (uri) http://id.loc.gov/authorities/genreForms/gf2014026139 
710 2 |a Institution of Structural Engineers (Great Britain) 
776 0 8 |i Online version:  |t Structural engineer. Part B  |w (DLC) 2013250680  |w (OCoLC)567761189 
780 0 1 |t Structural engineer  |x 0039-2553  |w (DLC)sn 85006091  |w (OCoLC)5044300 
785 1 7 |t Structural engineer. Part A  |x 0959-6577  |w (DLC)sn 83010024  |w (OCoLC)3959707 
785 1 7 |t Structural engineer (London : 1988)  |w (DLC)sn 88010467  |w (OCoLC)17408109 
850 |a AU  |a AzTeS  |a CU-A  |a CaMWU  |a CaNBFU  |a CaNSHT  |a CaOLU  |a CaOWA  |a ICU  |a IaAS  |a KyLoU  |a KyU  |a LU  |a MiDW  |a MiU  |a MnU  |a MsU  |a NBuU-SE  |a NIC  |a NN  |a NSyU  |a NcRS  |a NhU  |a NjP  |a OCU  |a OU  |a PU  |a TxLT  |a ViBlbV  |a ViU  |a WaU 
948 |h HELD BY TXA - 153 OTHER HOLDINGS 
994 |a Z0  |b TXA 
999 f f |s 0aa94200-e649-364d-ab73-56a32eb295cb  |i 4308bc0f-c6b4-3552-aa26-12be93ca4269  |t 0 
952 f f |p ric  |a Texas A&M University  |b Rellis Campus  |c Joint Library Facility  |d Remote Storage  |t 0  |e TA680 .I53  |h Library of Congress classification  |i unmediated -- volume  |k v.56-60  |l 1978-1982  |m A14852017137 
952 f f |p ric  |a Texas A&M University  |b Rellis Campus  |c Joint Library Facility  |d Remote Storage  |t 0  |e TA680 .I53  |h Library of Congress classification  |i unmediated -- volume  |k v.65B  |l 1987  |m A14852016873 
952 f f |p ric  |a Texas A&M University  |b Rellis Campus  |c Joint Library Facility  |d Remote Storage  |t 0  |e TA680 .I53  |h Library of Congress classification  |i unmediated -- volume  |k v.61-64  |l 1983-1986  |m A14852017004 
998 f f |a TA680 .I53  |s v.56B-65B (1978-1987)  |t 0  |l Remote Storage